Statistics for ALW's Phantom of the Opera - All I Ask of You - Missing Lyrics

Click here to take the quiz!

General Stats

  • This quiz has been taken 22 times
  • The average score is 44 of 53

Answer Stats

Raoul Christine Missing Lyric % Correct
No more talk of ________Darkness
95%
Your fears are far ______ youBehind
95%
Say the word and I will ______ youNo...Follow
95%
Say you'll share with me one love, one ________Lifetime
95%
Christine, I ____ youLove
95%
I must __Go
95%
Love me that's all I ___ of youLove me that's all I ___ of youAsk
95%
Love me that's all I ___ of youAsk
95%
You know I __Do
95%
Say you ____ meLove
95%
Christine, that's all I ___ of youAsk
95%
Let me lead you from your ________Solitude
95%
Then say you'll share with me one love, one ________Lifetime
95%
And you always ______ meBeside
95%
Say you'll share with me one love, one ________Lifetime
95%
That's all I ___ of youAsk
95%
Promise me that all you say is ____True
95%
Say you'll love me every ______ momentWaking
95%
Say the word and I will ______ youFollow
90%
A world with no more _____Night
90%
Turn my head with talk of _____________Summertime
90%
Forget these wide-eyed _____Fears
90%
Share each day with me, each night, each _______Share each day with me, each night, each _______Morning
85%
____ for me, RaoulWait
85%
When he heard you ____Sing
85%
I'm here with you, ______ youBeside
85%
_________ you go let me go too_________ you go let me go tooAnywhere
85%
ALL THAT THE _______ ASKED OF YOUPHANTOM
85%
________ you go let me go tooAnywhere
85%
I'm here nothing will ____ youHarm
85%
Share each day with me, each night, each _______Morning
85%
You'll guard me and you'll _____ meGuide
85%
And soon you'll be _______ meBeside
80%
Say you ____ me with you now and always Need
80%
Say you ____ me with you here beside youNeed
80%
Let me be your _____Light
80%
All I want is _______Freedom
80%
Denied me and _________ meBetrayed
80%
My words will warm and ____ youCalm
75%
I gave you my _____Music
75%
You're safe, no-one can ____ youFind
75%
They'll ______ where I amWonder
75%
Be with them at the ____Door
75%
To hold me and to ____ meHide
75%
Let me be your _______Shelter
75%
Made your song take ____Wing
70%
He was _____ to love youBound
70%
To _____ you and to guide youGuard
70%
Order your ____ horsesFine
65%
Let me be your _______Freedom
65%
YOU WILL _____ THE DAY YOU DID NOT DOCURSE
65%
And now, how you've ______ meRepaid
60%
Let me ________ dry your tearsDaylight
50%

Score Distribution

Percentile by Number Answered

Percent of People with Each Score

Your Score History

You have not taken this quiz